Statistics for Castelli of San Marino

Click here to take the quiz!

General Stats

  • This quiz has been taken 1,344 times
  • The average score is 5 of 9

Answers on the Map

Answers color-coded by a green-red scale on the quiz's map according to % correct below.
 

Answer Stats

Answer% Correct
City of San Marino
99%
Serravalle
63%
Acquaviva
57%
Borgo Maggiore
55%
Fiorentino
52%
Chiesanuova
49%
Faetano
45%
Montegiardino
44%
Domagnano
42%

Score Distribution

Percentile by Number Answered

Percent of People with Each Score

Your Score History

You have not taken this quiz